000 005160000a22001810004500
003 MACL
005 20160514140156.0
008 160514b xxu||||| |||| 00| 0 eng d
040 _aMACL
_cMACL
041 _aHindi
082 _a891.433
100 _aअमरकान्‍त
_937732
245 _aकलाप्रेमी
_cअमरकान्‍त
260 _bकृतिकार
_c1991
_aइलाहाबाद
350 _a40
650 _aStories
_957095
942 _cHIN
_k891.433/AMR/S
_2ddc
999 _c20072
_d20072